Southville International School and Colleges
Your cart is empty.
  • Cart
  • Lists
    Public lists Eva Luna New books Lux_list list_1
    Your lists Log in to create your own lists
  • Log in to your account
  • Your cookies
  • Search history
Southville International School and Colleges
  • Advanced search
  • Recent comments
  • Most popular
  • Libraries

Log in to your account

Log in with GOOGLE


If you do not have an external account, but do have a local account, you can still log in:

  1. Home
  2. MARC view: Nurse's drug guide 2004 /
Normal view MARC view ISBD view

Nurse's drug guide 2004 / (Record no. 21317)

[ view plain ]
MARC details
000 -LEADER
fixed length control field 00574nam a2200205 a 4500
005 - DATE AND TIME OF LATEST TRANSACTION
control field 20140310183318.0
008 - FIXED-LENGTH DATA ELEMENTS--GENERAL INFORMATION
fixed length control field 051202s19uu xx 00 eng d
020 ## - INTERNATIONAL STANDARD BOOK NUMBER
International Standard Book Number 9812471391
050 ## - LIBRARY OF CONGRESS CALL NUMBER
Classification number RM 170
Item number .W555 2004 vol.2
100 ## - MAIN ENTRY--PERSONAL NAME
Personal name Wilson, Billie Ann
245 ## - TITLE STATEMENT
Title Nurse's drug guide 2004 /
Statement of responsibility, etc Billie Ann Wilson.
260 ## - PUBLICATION, DISTRIBUTION, ETC. (IMPRINT)
Place of publication, distribution, etc Singapore :
Name of publisher, distributor, etc Pearson Prentice Hall,
Date of publication, distribution, etc 2004.
300 ## - PHYSICAL DESCRIPTION
Extent 785 p. :
Dimensions 20 cm.
521 ## - TARGET AUDIENCE NOTE
Target audience note
650 ## - SUBJECT ADDED ENTRY--TOPICAL TERM
Topical term or geographic name as entry element Nursing
General subdivision Guidebooks.
700 ## - ADDED ENTRY--PERSONAL NAME
Personal name Shannon, Margaret T.
700 ## - ADDED ENTRY--PERSONAL NAME
Personal name Stang, Carolyn L.
942 ## - ADDED ENTRY ELEMENTS (KOHA)
Koha item type Books
Source of classification or shelving scheme Library of Congress Classification
Call number prefix Foreign
Holdings
Withdrawn status Lost status Source of classification or shelving scheme Damaged status Home library Current library Shelving location Date acquired Total Checkouts Full call number Barcode Date last seen Copy number Price effective from Koha item type
    Library of Congress Classification   College Library College Library General Circulation Section 12/02/2005   RM 170 .W555 2004 vol.2 C6554 05/15/2018 1 03/10/2014 Books

Nurse's drug guide 2004 /

APA

Wilson B. A., Shannon M. T. & Stang C. L. (2004). Nurse's drug guide 2004. Singapore: Pearson Prentice Hall.

Chicago

Wilson Billie Ann, Shannon Margaret T and Stang Carolyn L. 2004. Nurse's drug guide 2004. Singapore: Pearson Prentice Hall.

Harvard

Wilson B. A., Shannon M. T. and Stang C. L. (2004). Nurse's drug guide 2004. Singapore: Pearson Prentice Hall.

MLA

Wilson Billie Ann, Shannon Margaret T and Stang Carolyn L. Nurse's drug guide 2004. Singapore: Pearson Prentice Hall. 2004.

  • Place hold
  • Print
  • Cite
  • Add to your cart (remove)
  • Save record
    BIBTEX Dublin Core MARCXML MARC (non-Unicode/MARC-8) MARC (Unicode/UTF-8) MARC (Unicode/UTF-8, Standard) MODS (XML) RIS
  • More searches
    Search for this title in:
    Other Libraries (WorldCat) Other Databases (Google Scholar) Online Stores (Bookfinder.com) Open Library (openlibrary.org)

Exporting to Dublin Core...

SOUTHVILLE LIBRARY

Southville International School and Colleges Library

1281 Tropical Ave. Cor. Luxembourg St., BF Homes International, Las Pinas City

Tel. No. 8256374 / 252358 Loc. 117/146

Powered by Koha